000 01342nam0a22003371 4500
001 rc\132297
005 20030307112215.3
010 _a5-7449-0013-6
_92500
035 _a(NLR Aleph) 005406378
090 _a7327087
_c7327087
100 _a20030307d1994 u |0rusy50 ca
101 0 _arus
102 _aRU
105 _ay |||||||||
200 1 _aМаршал С.К. Тимошенко
_eЖизнь и деятельность
_fР.М. Португальский, А.С. Доманк, А.П. Коваленко
210 _aМ.
_cМОФ "Победа - 1945 год"
_d1994
215 _a427, [1] с.
_d21
225 1 _aСталинские маршалы
225 1 _aО них ходили легенды
300 _aНа обл. авт. не указаны
320 _aБиблиогр.: с. 419-427
320 _aИзд. на средства АОЗТ "Данимекс"
600 1 _aТимошенко
_bС.К.
_gСемен Константинович
_2psbo
700 1 _aПортугальский
_bР. М.
_f1932-
_gРичард Михайлович
701 1 _aКоваленко
_bА. П.
_gАлександр Петрович
701 1 _aДоманк
_bА. С.
_gАльберт Степанович
801 0 _aRU
_bNLR
_gpsbo
801 1 _aRU
_bELAR
_2rusmarc
852 _aNLR
_j94-3/7225
942 _cBOOK
980 _aNB